00646nam a2200169 a 450000100100000000500170001000800410002704000250006808200150009310000270010824000330013524500760016826000720024430000300031695201130034699900170045900003638820200930075714.0120116s1969 mx a 000 0 spa d aDO-SdBNPbspacBNPHU axxxbW686g1 aWilkinson, Jule96258510aStorage SpecifieslEspañol10aGastronomía profesional :balmacenamiento y bodega /cJule Wilkinson. aMéxicoaBuenos Aires :bCentro Reginal de Ayuda Técnica,c1969. a111 p. ; :bil. ;c29 cm. 001050718MOaGRbGRcCTd2012-01-16iLF1l0oxxx W686gp36389-10r2020-06-25w2020-06-25y1ZNo se presta c35879d35879